| 000 | 00377nam a2200145Ia 4500 | ||
|---|---|---|---|
| 008 | 230312s9999||||xx |||||||||||||| ||und|| | ||
| 020 | _a9780470093559 | ||
| 082 |
_a005.275 _bMAG-C |
||
| 100 | _aMehaffie,Andrea | ||
| 245 | 0 | _aLearning Microsoft Office 2013 Learning Microsoft Office 2013 | |
| 260 |
_bWiley _c2006 |
||
| 300 | _a413 | ||
| 650 |
_aComputer _vJava |
||
| 942 | _cBK | ||
| 999 |
_c18246 _d18246 |
||